000 00433nam a2200181Ia 4500
001 3498
005 20260306145648.0
008 260306t2005||||xx |||||||||||||| ||spa||
041 _aESP
082 _a282.092
_bO76
100 _aOssandón D., Magdalena
_eAUT
245 0 _aEl Papa de la luz:
_bJuan Pablo II
260 _c2005
300 _a302 páginas :
_c20 cm.
650 _aGEN
654 _aCHU
942 _cLIB
_dJUS
_fJUS
_2ddc
_n
999 _c3498
_d3498